| 000 | 00458nam a2200169 4500 | ||
|---|---|---|---|
| 003 | SEACOMMC | ||
| 005 | 20250429114625.0 | ||
| 008 | 241223b |||||||| |||| 00| 0 eng d | ||
| 020 |
_a81-2590-93-2 _cRs.210.00 |
||
| 040 | _aSEACOMMC | ||
| 082 |
_a005.133 _bA 991 |
||
| 100 | _aAzam,Mohammad | ||
| 245 | 1 |
_aProgramming with Visual Basic 6.0 _cMohammad Azam |
|
| 260 |
_a New Delhi _b Vikas Publishing House _c 2000 |
||
| 650 | _aComputer Science | ||
| 942 | _cBOOK | ||
| 999 |
_c929 _d929 |
||